| 000 | 00529nam a2200205Ia 4500 | ||
|---|---|---|---|
| 003 | 0100 | ||
| 008 | 130307s9999 xx 000 0 und d | ||
| 040 | _cARRUPELIB | ||
| 050 | _aBL625.S75 | ||
| 100 | _aStace, Walter Terence | ||
| 245 | 4 | _aThe teachings of the mystics | |
| 245 | _bBeing selections from the great mystics and mystical... | ||
| 260 | _bThe New American Library | ||
| 260 | _c1960 | ||
| 300 | _a240p. | ||
| 300 | _b18cm | ||
| 650 | _bDreams - - Interpretations | ||
| 650 | _cPsychoanalysis | ||
| 942 | 0 | 0 | _01 |
| 999 |
_c97185 _d97185 |
||